[Event "Manaus op 2nd"]
[Site "Manaus"]
[Date "2023.10.16"]
[Round "8"]
[White "Simas Neto, Felipe Jairo Novo"]
[Black "Caceres, Diego"]
[Result "1/2-1/2"]
[WhiteElo "1860"]
[BlackElo "2093"]
[PlyCount "47"]
[EventDate "2023.10.11"]
[EventType "swiss"]
[EventRounds "9"]
[EventCountry "BRA"]
[SourceTitle "Mega2024 Update 01"]
[Source "Chessbase"]
[SourceDate "2023.11.12"]
[SourceVersion "1"]
[SourceVersionDate "2023.11.12"]
[SourceQuality "1"]

1. c4 c5 2. g3 g6 3. Bg2 Bg7 4. e3 Nc6 5. Ne2 e5 6. Nbc3 Nge7 7. 0-0 0-0 8. b3 d6 9. Bb2 Be6 10. Ne4 f5 11. Ng5 Bc8 12. d4 h6 13. dxc5 dxc5 14. Nh3 Be6 15. f4 e4 16. Bxg7 Kxg7 17. Qc2 Qc7 18. Nf2 Rad8 19. Rfd1 Rxd1+ 20. Rxd1 Rd8 21. Rxd8 Qxd8 22. Qc3+ Kh7 23. Qc2 Kg7 24. Qc3+ 1/2-1/2

[Event "Manaus op 2nd"]
[Site "Manaus"]
[Date "2023.10.14"]
[Round "6"]
[White "Simas Neto, Felipe Jairo Novo"]
[Black "Zanette, Edgard Vinicius"]
[Result "1-0"]
[WhiteElo "1860"]
[BlackElo "2106"]
[PlyCount "59"]
[EventDate "2023.10.11"]
[EventType "swiss"]
[EventRounds "9"]
[EventCountry "BRA"]
[SourceTitle "Mega2024 Update 01"]
[Source "Chessbase"]
[SourceDate "2023.11.12"]
[SourceVersion "1"]
[SourceVersionDate "2023.11.12"]
[SourceQuality "1"]

1. c4 f5 2. g3 Nf6 3. Bg2 e5 4. Nc3 Bc5 5. e3 Nc6 6. Nge2 e4 7. d3 exd3 8. Nf4 Ne5 9. Nxd3 Nxd3+ 10. Qxd3 d6 11. 0-0 0-0 12. b3 a6 13. Bb2 Rb8 14. Rad1 Be6 15. Ne2 Ng4 16. Nf4 Bd7 17. Nh5 Nf6 18. Nxf6+ gxf6 19. e4 Qc8 20. Rfe1 Kh8 21. Qd2 Qd8 22. Qh6 c6 23. Bh3 b5 24. Bxf5 Bxf5 25. exf5 Rb7 26. Re6 Rbf7 27. g4 bxc4 28. g5 cxb3 29. axb3 Qb6 30. Rxf6 1-0

[Event "Manaus op 2nd"]
[Site "Manaus"]
[Date "2023.10.12"]
[Round "2"]
[White "Simas Neto, Felipe Jairo Novo"]
[Black "Hoffman, Alejandro"]
[Result "0-1"]
[WhiteElo "1860"]
[BlackElo "2352"]
[PlyCount "96"]
[EventDate "2023.10.11"]
[EventType "swiss"]
[EventRounds "9"]
[EventCountry "BRA"]
[SourceTitle "Mega2024 Update 01"]
[Source "Chessbase"]
[SourceDate "2023.11.12"]
[SourceVersion "1"]
[SourceVersionDate "2023.11.12"]
[SourceQuality "1"]

1. e4 c5 2. Nf3 g6 3. g3 Bg7 4. Bg2 Nc6 5. d3 d6 6. Nbd2 e5 7. Nf1 Nge7 8. Ne3 h6 9. 0-0 0-0 10. a4 f5 11. Nc4 f4 12. Ne1 g5 13. g4 Be6 14. f3 b6 15. Nd2 h5 16. h3 Rf6 17. c3 Rh6 18. Rf2 a6 19. Nf1 Rb8 20. Nc2 b5 21. axb5 axb5 22. Bd2 d5 23. Be1 d4 24. Rd2 Na5 25. Re2 Nb3 26. Ra3 c4 27. Nb4 hxg4 28. hxg4 Bf8 29. Rc2 Qd7 30. Nd2 Nc6 31. Nxb3 cxb3 32. Rc1 dxc3 33. Nxc6 c2 34. Rxc2 bxc2 35. Qxc2 Rc8 36. Rc3 Ra8 37. Kf1 Ra1 38. Nxe5 Qd4 39. Nc6 Rxe1+ 40. Kxe1 Qg1+ 41. Bf1 Rh2 42. d4 Rxc2 43. Rxc2 Bc4 44. Rf2 Bxf1 45. Rxf1 Qe3+ 46. Kd1 Qd3+ 47. Ke1 Qb1+ 48. Kf2 Qc2+ 0-1

[Event "Manaus Ajax op"]
[Site "Manaus"]
[Date "2019.03.17"]
[Round "4"]
[White "Simas Neto, Felipe Jairo Novo"]
[Black "Da Silva, Vitoria Aparecida V"]
[Result "0-1"]
[WhiteElo "1586"]
[BlackElo "1376"]
[PlyCount "74"]
[EventDate "2019.03.16"]
[EventType "swiss"]
[EventRounds "6"]
[EventCountry "BRA"]
[SourceTitle "CBM 189 Extra"]
[Source "ChessBase"]
[SourceDate "2019.06.03"]
[SourceVersion "1"]
[SourceVersionDate "2019.06.03"]
[SourceQuality "1"]

1. e4 e5 2. Nf3 Nc6 3. Nc3 Nf6 4. Bb5 a6 5. Ba4 b5 6. Bb3 Be7 7. d3 d6 8. h3 0-0 9. 0-0 Na5 10. Nd5 Nxb3 11. Nxe7+ Qxe7 12. axb3 Nd7 13. Re1 h6 14. c3 f5 15. d4 Bb7 16. dxe5 dxe5 17. Nd2 f4 18. f3 Rad8 19. Qe2 Nf6 20. Nf1 Nh5 21. Bd2 Rf6 22. Red1 Rg6 23. Be1 Bc8 24. Kh1 Ng3+ 25. Bxg3 fxg3 26. Ne3 Rxd1+ 27. Rxd1 Qh4 28. Nf5 Bxf5 29. exf5 Rd6 30. Rxd6 cxd6 31. Qd3 Qg5 32. Qc2 Qe3 33. Qb1 d5 34. f6 d4 35. cxd4 exd4 36. f7+ Kf8 37. Qa1 d3 0-1

[Event "Manaus Ajax op"]
[Site "Manaus"]
[Date "2019.03.16"]
[Round "2"]
[White "Simas Neto, Felipe Jairo Novo"]
[Black "De Souza, Marco Andre Gomes"]
[Result "1-0"]
[WhiteElo "1586"]
[BlackElo "2180"]
[PlyCount "50"]
[EventDate "2019.03.16"]
[EventType "swiss"]
[EventRounds "6"]
[EventCountry "BRA"]
[SourceTitle "CBM 189 Extra"]
[Source "ChessBase"]
[SourceDate "2019.06.03"]
[SourceVersion "1"]
[SourceVersionDate "2019.06.03"]
[SourceQuality "1"]

1. e4 a6 2. d4 b5 3. a4 b4 4. a5 e6 5. c4 Bb7 6. Bd3 g6 7. Nf3 Bg7 8. Bg5 Bf6 9. Bxf6 Nxf6 10. e5 Nh5 11. g3 0-0 12. 0-0 f5 13. Nbd2 Nc6 14. Nb3 Qe7 15. Re1 Nd8 16. Bf1 Nf7 17. Bg2 Rab8 18. d5 Ng5 19. Nxg5 Qxg5 20. h4 Qe7 21. dxe6 Bxg2 22. Kxg2 dxe6 23. Qf3 Rbd8 24. Rad1 Rxd1 25. Rxd1 Rd8 1-0

[Event "BRA-ch 85th sf Reg2"]
[Site "Manaus"]
[Date "2018.11.04"]
[Round "7"]
[White "Simas Neto, Felipe Jairo Novo"]
[Black "Dos Santos, Wesley Cesar Reis"]
[Result "0-1"]
[WhiteElo "1632"]
[BlackElo "1674"]
[PlyCount "68"]
[EventDate "2018.11.01"]
[EventType "swiss"]
[EventRounds "7"]
[EventCountry "BRA"]
[SourceTitle "CBM 189 Extra"]
[Source "ChessBase"]
[SourceDate "2019.06.03"]
[SourceVersion "1"]
[SourceVersionDate "2019.06.03"]
[SourceQuality "1"]

1. d4 Nf6 2. c4 g6 3. Nc3 Bg7 4. e4 d6 5. Nf3 0-0 6. Be2 e5 7. d5 Ne8 8. 0-0 f5 9. Ne1 f4 10. f3 Nf6 11. Nd3 Nbd7 12. b4 Rf7 13. c5 g5 14. Na4 Nf8 15. b5 h5 16. c6 b6 17. Nab2 g4 18. a4 gxf3 19. Bxf3 Bg4 20. h3 Bxf3 21. Qxf3 Ng6 22. Qf2 Nxe4 23. Qc2 Ng3 24. Re1 Ne7 25. Nb4 Nef5 26. Ra3 Nd4 27. Qf2 Qh4 28. Kh2 Ngf5 29. N2d3 Qxf2 30. Nxf2 Bf6 31. Ne4 Bh4 32. Rd1 Rg7 33. Bb2 Ne3 34. Rd2 Be1 0-1